[Event "Capablanca Memorial op 44th"]
[Site "Havana"]
[Date "2009.06.14"]
[Round "6"]
[White "Figueroa, Marco Alexander"]
[Black "Frometa Castillo, Zirka"]
[Result "1-0"]
[WhiteElo "2195"]
[BlackElo "2184"]
[PlyCount "80"]
[EventDate "2009.06.08"]
[EventType "swiss"]
[EventRounds "10"]
[EventCountry "CUB"]
[SourceTitle "CBM 130 Extra"]
[Source "ChessBase"]
[SourceDate "2009.07.02"]
[SourceVersion "2"]
[SourceVersionDate "2009.07.15"]
[SourceQuality "1"]

1. e4 c6 2. d4 d5 3. Nc3 g6 4. h3 Bg7 5. Nf3 e6 6. Bf4 Ne7 7. Be2 b5 8. a3 Nd7 9. 0-0 Nb6 10. Re1 0-0 11. Bf1 dxe4 12. Nxe4 Nf5 13. c3 Nd5 14. Bh2 a6 15. Qc2 Ra7 16. Rad1 Nf6 17. Nc5 Nd5 18. Nd3 a5 19. Nc5 Re8 20. Ne5 Qb6 21. Ng4 h5 22. Ne5 Bxe5 23. Bxe5 f6 24. Bh2 Rae7 25. Nd3 g5 26. Re4 Rh7 27. Rde1 Ng7 28. c4 bxc4 29. Qxc4 Ba6 30. Qc5 Qb7 31. Qxa5 Bxd3 32. Bxd3 f5 33. R4e2 h4 34. Qd2 Rh5 35. Be5 Qf7 36. Qc2 Nf4 37. Bxf4 gxf4 38. Qxc6 Rg5 39. Qf3 Qf6 40. Qxf4 Rd8 1-0

[Event "Olympiad-37"]
[Site "Turin"]
[Date "2006.05.29"]
[Round "8"]
[White "Munanira, Isaak"]
[Black "Figueroa, Marco Alexander"]
[Result "1/2-1/2"]
[WhiteElo "2173"]
[BlackElo "2214"]
[PlyCount "61"]
[EventDate "2006.05.21"]
[EventType "team-swiss"]
[EventRounds "13"]
[EventCountry "ITA"]
[SourceTitle "CBM 113"]
[Source "ChessBase"]
[SourceDate "2006.07.31"]
[SourceVersion "1"]
[SourceVersionDate "2006.07.31"]
[SourceQuality "1"]
[WhiteTeam "Uganda"]
[BlackTeam "Guatemala"]
[WhiteTeamCountry "UGA"]
[BlackTeamCountry "GUA"]

1. d4 Nf6 2. c4 e6 3. Nf3 b6 4. a3 c5 5. e3 Bb7 6. Nc3 d6 7. Bd3 Be7 8. 0-0 Nbd7 9. b4 0-0 10. Bb2 d5 11. bxc5 bxc5 12. cxd5 exd5 13. dxc5 Nxc5 14. Nb5 Nfe4 15. Rb1 Bc6 16. Ne5 Be8 17. Nd4 Rc8 18. Bb5 Bxb5 19. Nxb5 Bf6 20. Nxa7 Ra8 21. Nac6 Qd6 22. f3 Na4 23. fxe4 Nxb2 24. Qxd5 Qxa3 25. Nd7 Qxe3+ 26. Kh1 Nd3 27. Nxf6+ gxf6 28. Ne7+ Kh8 29. Qf5 Qg5 30. Qxf6+ Qxf6 31. Rxf6 1/2-1/2

[Event "Olympiad-37"]
[Site "Turin"]
[Date "2006.05.22"]
[Round "2"]
[White "Kirby, Peter J"]
[Black "Figueroa, Marco Alexander"]
[Result "1/2-1/2"]
[WhiteElo "2047"]
[BlackElo "2214"]
[PlyCount "57"]
[EventDate "2006.05.21"]
[EventType "team-swiss"]
[EventRounds "13"]
[EventCountry "ITA"]
[SourceTitle "CBM 113"]
[Source "ChessBase"]
[SourceDate "2006.07.31"]
[SourceVersion "1"]
[SourceVersionDate "2006.07.31"]
[SourceQuality "1"]
[WhiteTeam "Guernsey Jersey"]
[BlackTeam "Guatemala"]
[WhiteTeamCountry "GCI"]
[BlackTeamCountry "GUA"]

1. e4 c5 2. c3 e6 3. d4 Nf6 4. e5 Nd5 5. c4 Nb6 6. d5 d6 7. exd6 Bxd6 8. Nc3 exd5 9. cxd5 0-0 10. Nf3 Bf5 11. Bd3 Bxd3 12. Qxd3 N8d7 13. 0-0 Ne5 14. Nxe5 Bxe5 15. Rd1 c4 16. Qf3 Qc7 17. h3 Bxc3 18. bxc3 Rad8 19. Ba3 Rfe8 20. d6 Qd7 21. Rd4 Re5 22. Rf4 Rde8 23. Bb4 Nd5 24. Rxc4 Nxb4 25. cxb4 Qxd6 26. g3 b5 27. Rf4 Qe6 28. Kg2 h6 29. a3 1/2-1/2

[Event "Olympiad-36"]
[Site "Mallorca"]
[Date "2004.10.25"]
[Round "10"]
[White "Figueroa, Marco Alexander"]
[Black "Saavedra, Carlos"]
[Result "0-1"]
[WhiteElo "2126"]
[BlackElo "2319"]
[PlyCount "130"]
[EventDate "2004.10.15"]
[EventType "team-swiss"]
[EventRounds "14"]
[EventCountry "ESP"]
[SourceTitle "CBM 104"]
[Source "ChessBase"]
[SourceDate "2005.01.27"]
[SourceVersion "1"]
[SourceVersionDate "2005.01.27"]
[SourceQuality "1"]
[WhiteTeam "Guatemala"]
[BlackTeam "Bolivia"]
[WhiteTeamCountry "GUA"]
[BlackTeamCountry "BOL"]

1. e4 d6 2. d4 Nf6 3. Nc3 g6 4. f4 Bg7 5. Nf3 0-0 6. Be2 c5 7. dxc5 Qa5 8. Bd2 Qxc5 9. Bd3 Bd7 10. Qe2 a6 11. a3 Bc6 12. Be3 Qa5 13. 0-0 Qc7 14. h3 b5 15. f5 Nbd7 16. Qf2 Ne5 17. Nxe5 dxe5 18. g4 Qb7 19. Qg2 Rad8 20. g5 Nh5 21. Ne2 Nf4 22. Nxf4 exf4 23. Rxf4 Bxb2 24. Raf1 Be5 25. Rh4 Qd7 26. Qg4 Bd4 27. Bf2 Qd6 28. Bxd4 Qxd4+ 29. Rf2 Qe5 30. Qf4 Qxf4 31. Rhxf4 Rd4 32. e5 Rxf4 33. Rxf4 gxf5 34. Bxf5 e6 35. Bd3 Rd8 36. Rh4 Rd5 37. Bxh7+ Kg7 38. Bd3 Rxe5 39. Rg4 Re3 40. Kh2 e5 41. Rg3 Re1 42. Rg1 Rxg1 43. Kxg1 e4 44. Be2 Kg6 45. h4 Kf5 46. Kf2 Kf4 47. Bh5 Bd5 48. g6 e3+ 49. Ke2 Bc4+ 50. Ke1 f5 51. g7 Bg8 52. Bg6 Kg4 53. h5 Kg5 54. Ke2 f4 55. Kf3 Bd5+ 56. Ke2 Kh6 57. Bd3 Kxg7 58. Bg6 Kh6 59. Be8 Bc4+ 60. Kf3 Kg5 61. Bc6 Kxh5 62. Kxf4 e2 63. Bf3+ Kg6 64. Bxe2 Bxe2 65. a4 bxa4 0-1

[Event "Olympiad-36"]
[Site "Mallorca"]
[Date "2004.10.19"]
[Round "5"]
[White "Collins, Sam E"]
[Black "Figueroa, Marco Alexander"]
[Result "1-0"]
[WhiteElo "2387"]
[BlackElo "2126"]
[PlyCount "39"]
[EventDate "2004.10.15"]
[EventType "team-swiss"]
[EventRounds "14"]
[EventCountry "ESP"]
[SourceTitle "CBM 104"]
[Source "ChessBase"]
[SourceDate "2005.01.27"]
[SourceVersion "1"]
[SourceVersionDate "2005.01.27"]
[SourceQuality "1"]
[WhiteTeam "Ireland"]
[BlackTeam "Guatemala"]
[WhiteTeamCountry "IRL"]
[BlackTeamCountry "GUA"]

1. e4 c5 2. c3 d5 3. exd5 Qxd5 4. d4 g6 5. Nf3 Bg7 6. Na3 Bd7 7. Bc4 Qd6 8. Qb3 e6 9. Qxb7 Qc6 10. Qxc6 Bxc6 11. dxc5 Nd7 12. Be3 Rb8 13. 0-0-0 Ne7 14. Rhe1 Nd5 15. Bxd5 Bxd5 16. Rxd5 exd5 17. Bf4+ Kd8 18. Bxb8 Nxb8 19. Nb5 Nc6 20. Rd1 1-0

[Event "San Jose zt 2.3.c2"]
[Site "San Jose"]
[Date "2004.09.09"]
[Round "6"]
[White "Picado, Jorge Luis"]
[Black "Figueroa, Marco Alexander"]
[Result "1/2-1/2"]
[WhiteElo "2208"]
[BlackElo "1999"]
[PlyCount "96"]
[EventDate "2004.09.05"]
[EventType "swiss"]
[EventRounds "9"]
[EventCountry "CRI"]
[SourceTitle "CBM 102 Extra"]
[Source "ChessBase"]
[SourceDate "2004.11.03"]
[SourceVersion "1"]
[SourceVersionDate "2004.11.03"]
[SourceQuality "1"]

1. e4 c5 2. Nf3 d6 3. d4 Nf6 4. Nc3 cxd4 5. Nxd4 g6 6. Be3 Bg7 7. f3 0-0 8. Qd2 Nc6 9. 0-0-0 d5 10. Nxc6 bxc6 11. exd5 Nxd5 12. Nxd5 cxd5 13. Qxd5 Qc7 14. Qc5 Qb7 15. Qa3 Rb8 16. c3 Bf5 17. Ba6 Qc6 18. Bd3 Be6 19. Bc2 Bc4 20. Rhe1 Rfc8 21. Bf4 Rb6 22. Qxe7 Bf8 23. Rd8 Rxd8 24. Qxd8 Be6 25. Bb3 Qb5 26. c4 Rc6 27. Kb1 Qf5+ 28. Re4 Rc8 29. Qd3 Qc5 30. Be3 Qc7 31. g4 Qxh2 32. Bxa7 Qh1+ 33. Kc2 Bh6 34. Be3 Qg2+ 35. Kb1 Qxf3 36. Bd1 Qh3 37. b3 Bg7 38. c5 h5 39. Rxe6 fxe6 40. gxh5 Qh2 41. Bc2 Qe5 42. Kc1 gxh5 43. a4 h4 44. a5 Qa1+ 45. Bb1 Qa3+ 46. Kd1 Qxa5 47. Qh7+ Kf8 48. Qxh4 Rxc5 1/2-1/2

[Event "San Jose zt 2.3.c2"]
[Site "San Jose"]
[Date "2004.09.05"]
[Round "1"]
[White "Figueroa, Marco Alexander"]
[Black "Minero Pineda, Sergio"]
[Result "0-1"]
[WhiteElo "1999"]
[BlackElo "2429"]
[PlyCount "108"]
[EventDate "2004.09.05"]
[EventType "swiss"]
[EventRounds "9"]
[EventCountry "CRI"]
[SourceTitle "CBM 102 Extra"]
[Source "ChessBase"]
[SourceDate "2004.11.03"]
[SourceVersion "1"]
[SourceVersionDate "2004.11.03"]
[SourceQuality "1"]

1. e4 e6 2. d3 d5 3. Nd2 c5 4. g3 Bd6 5. Bg2 Ne7 6. f4 Nbc6 7. Ngf3 0-0 8. 0-0 f6 9. c3 Bd7 10. Kh1 b5 11. Nh4 b4 12. f5 bxc3 13. bxc3 Be5 14. Qc2 Nb4 15. cxb4 Bxa1 16. bxc5 Be5 17. Nb3 Rb8 18. d4 Bc7 19. Ba3 Bb5 20. Re1 e5 21. exd5 Nxd5 22. c6 Re8 23. Qc5 Ne7 24. d5 Nc8 25. Qc2 Bd6 26. Bc5 Ba4 27. Qc4 Bxb3 28. axb3 Qa5 29. b4 Rxb4 30. Bxb4 Qxb4 31. Qxb4 Bxb4 32. Rb1 a5 33. Bf1 Kf8 34. Ng2 Ke7 35. Ne3 Kd6 36. Nc4+ Kxd5 37. Nxa5 Bxa5 38. Rb5+ Kxc6 39. Rxa5 Nd6 40. g4 Re7 41. Kg2 Rb7 42. h4 h5 43. Be2 Rb2 44. Kf1 Ne4 45. Ra3 Kc5 46. gxh5 Kd4 47. Rd3+ Kc5 48. Ra3 Nd6 49. Bg4 Nc4 50. Rg3 Kd4 51. Kg1 e4 52. Bh3 e3 53. Rg4+ Kc3 54. Bf1 Nd2 0-1